Normal view
MARC view
Entry Nombre geográfico
001 - NÚMERO DE CONTROL
- campo de control: 234199
003 - IDENTIFICADOR DE NÚMERO DE CONTROL
- campo de control: ES-MaACL
005 - FECHA Y HORA DE LA ÚLTIMA TRANSACCIÓN
- campo de control: 20230906214647.0
008 - ELEMENTOS DE DATO DE LONGITUD-FIJA
- campo de control de longitud fija: 230906|| aca||aabn | a|a d
040 ## - FUENTE DE CATALOGACIÓN
- Centro catalogador/agencia de origen: ES-MaACL
- Centro/agencia transcriptor: ES-MaACL
151 ## - ENCABEZAMIENTO--NOMBRE GEOGRÁFICO
- Nombre geográfico: Teruel(Provincia)-
- Subdivisión general: Población-
- Subdivisión de forma: Historia
670 ## - FUENTE DE DATOS ENCONTRADOS
- Cita de la fuente: Work cat.: (ES-MaACL)171545: Solans Castro, Manuela. 140234, Evolución de la población de Teruel entre 1860 y 1960 , 1968.
